000
00305nam a2200109Ia 4500
008
220204s9999 xx 000 0 und d
082
_a
338.26
_b
FIF
245
0
_a
Approach to the fifth plan 1974-79: An appraisal
260
_a
Bombay
_b
Popular Prakashan
_c
1973
650
_a
Fifth five year plan
942
_c
BK
999
_c
22862
_d
22862